000 00321nam a22001457a 4500
008 210312b ||||| |||| 00| 0 eng d
020 _a2581284043511
041 _aeng
080 _23rd
_a610.73
082 _a610.73
100 _a1
101 _aINF
245 _aNursing Informatics
_cMastrian, K
942 _2udc
_cBK
999 _c56576
_d56576